00787nam a2200229 i 4500001001000000003000900010005001700019007000300036008004100039040003000080082002400110100005300134245009400187264005100281300003900332336002800371337003400399338003100433650002400464650002700488700004200515000032896DO-SdBNP20250307073710.0ta110801s1949 dr c 000 p spa d aDO-SdBNPbspacBNPHUerda 4aRD861.42bH519p2221 aHenríquez Ureña, Pedro,d1884-1946 eautor10aPoesías juveniles /cPedro Henríquez Ureña; colección de E. Rodríguez Demorizi. aBogotá, Colombia :bEspiral Colombia,c1949. a62 páginas :bretratos ;c18 cm. 2rdacontent atextobtxt 2rdamediaasin mediación bn 2rdacarrier avolumen bnc 4aPoesía dominicana 0aLiteratura dominicana.1 aRodríguez Demorizi, E.ecolección